00417nam a2200145Ia 4500003000400000008004100004040001600045082001300061100002300074245008100097260004500178300001000223650001500233650002300248GCL140319s9999 xx 000 0 eng d aGCL / cGCL04a863bB G1 aBALLESTER, GONZALO10aLOS FOZOS Y LAS SOMBRAS II DONDE DA LA VUELTA EL AIRE / cBALLESTER, GONZALO a[S.N] : bEL LIBRO DE BOLSILLO ، c1983 a491 P04aLITERATURE04aSPANISH LITERATURE